Something to smile about: (Record no. 362737)
[ view plain ]
| 000 -LEADER | |
|---|---|
| fixed length control field | 00445nam a2200133Ia 4500 |
| 008 - FIXED-LENGTH DATA ELEMENTS--GENERAL INFORMATION | |
| fixed length control field | 191129s9999 xx 000 0 und d |
| 020 ## - INTERNATIONAL STANDARD BOOK NUMBER | |
| International Standard Book Number | 4806523174893 |
| 100 ## - MAIN ENTRY--PERSONAL NAME | |
| Personal name | Ziglar, Zig |
| 245 ## - TITLE STATEMENT | |
| Statement of responsibility, etc | Zig Ziglar |
| Title | Something to smile about: |
| Remainder of title | encouragement and inspiration for life's ups and downs/ |
| 260 ## - PUBLICATION, DISTRIBUTION, ETC. (IMPRINT) | |
| Place of publication, distribution, etc | Manila: |
| Name of publisher, distributor, etc | Church Strengthening Ministry, Inc. |
| Date of publication, distribution, etc | 1997 |
| 300 ## - PHYSICAL DESCRIPTION | |
| Extent | 216 p. ; |
| Other physical details | ill. : |
| Dimensions | 16 cm. |
| 650 ## - SUBJECT ADDED ENTRY--TOPICAL TERM | |
| Topical term or geographic name as entry element | encouragement |
| 650 ## - SUBJECT ADDED ENTRY--TOPICAL TERM | |
| Topical term or geographic name as entry element | Inspiration |
| Withdrawn status | Lost status | Damaged status | Home library | Current library | Shelving location | Date acquired | Source of acquisition | Total Checkouts | Full call number | Barcode | Date last seen | Price effective from | Koha item type |
|---|---|---|---|---|---|---|---|---|---|---|---|---|---|
| Luxembourg Library | Luxembourg Library | High School Section | 11/29/2019 | BJ 1581.2 .Z68 1997 | 20781 | 11/29/2019 | 11/29/2019 | Books |